000 01503nam0a2200325 4500
001 RU\NLR\bibl\1717289
005 20260408025717.0
010 _a978-5-98422-114-6
_9300
021 _aRU
_b2010-92307
_96212
035 _a(nilc)RSL-KNO-004834040
035 _a(NLR Aleph) 001708302
090 _a1264010
_c1264010
100 _a20101129d2010 |||y0rusy50 ca
101 0 _arus
102 _aRU
105 _aa |||||||||
200 1 _aПравовые и организационные основы усыновления и создания замещающей семьи в городе Москве
_f[Правительство Москвы], Деп. семейной и молодежной политики города Москвы, ООО "Проф. проект"
210 _aМосква
_cProfi Prodject
_d2010
215 _a165 с.
_cил., табл.
_d29
320 _aБиблиогр. в подстроч. примеч.
606 1 _aУсыновление
_xПравовые вопросы
_yРоссийская Федерация
_92078851
_3RU\NLR\auth\661254717
686 _aХ624.7,07
_2rubbk
686 _aХ624.5
712 0 2 _4570
_a"Профессиональный проект", общество с ограниченной ответственностью
_cМосква
_3RU\NLR\AUTH\8810186961
_9867859
801 0 _aRU
_bRuMoRKP
_c20101129
_grcr
801 1 _aRU
_bRuMoRGB
_c20101129
801 2 _aRU
_bNLR
_c20101221
_grcr
942 _cBOOK
980 _aNB